<?xml version="1.0" encoding="UTF-8"?>
<record
    xmlns:xsi="http://www.w3.org/2001/XMLSchema-instance"
    xsi:schemaLocation="http://www.loc.gov/MARC21/slim http://www.loc.gov/standards/marcxml/schema/MARC21slim.xsd"
    xmlns="http://www.loc.gov/MARC21/slim">

  <leader>00244nam a22001097a 4500</leader>
  <datafield tag="040" ind1=" " ind2=" ">
    <subfield code="c">HS</subfield>
  </datafield>
  <datafield tag="082" ind1=" " ind2=" ">
    <subfield code="a">580</subfield>
  </datafield>
  <datafield tag="100" ind1=" " ind2=" ">
    <subfield code="a">&#x1783;&#x17BD;&#x1793; &#x17A2;&#x17C0;&#x1784;</subfield>
  </datafield>
  <datafield tag="245" ind1=" " ind2=" ">
    <subfield code="a">&#x179A;&#x17BB;&#x1780;&#x17D2;&#x1781;&#x179C;&#x17B7;&#x1791;&#x17D2;&#x1799;&#x17B6;</subfield>
  </datafield>
  <datafield tag="260" ind1=" " ind2=" ">
    <subfield code="a">RUA</subfield>
    <subfield code="b">&#x1783;&#x17BD;&#x1793; &#x17A2;&#x17C0;&#x1784;</subfield>
    <subfield code="c">2012</subfield>
  </datafield>
  <datafield tag="942" ind1=" " ind2=" ">
    <subfield code="c">KB</subfield>
  </datafield>
  <datafield tag="999" ind1=" " ind2=" ">
    <subfield code="c">8469</subfield>
    <subfield code="d">8469</subfield>
  </datafield>
  <datafield tag="952" ind1=" " ind2=" ">
    <subfield code="0">0</subfield>
    <subfield code="1">0</subfield>
    <subfield code="4">0</subfield>
    <subfield code="6">580_000000000000000_&#x1783;&#x17BD;&#x1793;_2012_C162</subfield>
    <subfield code="7">0</subfield>
    <subfield code="9">48493</subfield>
    <subfield code="a">LBC</subfield>
    <subfield code="b">LBC</subfield>
    <subfield code="c">C162</subfield>
    <subfield code="d">2016-08-02</subfield>
    <subfield code="o">580 &#x1783;&#x17BD;&#x1793; 2012 C162</subfield>
    <subfield code="p">RUA035675</subfield>
    <subfield code="r">2016-10-12</subfield>
    <subfield code="y">KB</subfield>
  </datafield>
  <datafield tag="952" ind1=" " ind2=" ">
    <subfield code="0">0</subfield>
    <subfield code="1">0</subfield>
    <subfield code="4">0</subfield>
    <subfield code="6">580_000000000000000_&#x1783;&#x17BD;&#x1793;_2012_C162</subfield>
    <subfield code="7">0</subfield>
    <subfield code="9">48494</subfield>
    <subfield code="a">LBC</subfield>
    <subfield code="b">LBC</subfield>
    <subfield code="c">C162</subfield>
    <subfield code="d">2016-08-02</subfield>
    <subfield code="l">1</subfield>
    <subfield code="o">580 &#x1783;&#x17BD;&#x1793; 2012 C162</subfield>
    <subfield code="p">RUA035493</subfield>
    <subfield code="r">2025-06-11</subfield>
    <subfield code="s">2025-06-10</subfield>
    <subfield code="y">KB</subfield>
  </datafield>
  <datafield tag="952" ind1=" " ind2=" ">
    <subfield code="0">0</subfield>
    <subfield code="1">0</subfield>
    <subfield code="4">0</subfield>
    <subfield code="6">580_000000000000000_&#x1783;&#x17BD;&#x1793;_2012_C162</subfield>
    <subfield code="7">0</subfield>
    <subfield code="9">48495</subfield>
    <subfield code="a">LBC</subfield>
    <subfield code="b">LBC</subfield>
    <subfield code="c">C162</subfield>
    <subfield code="d">2016-08-02</subfield>
    <subfield code="o">580 &#x1783;&#x17BD;&#x1793; 2012 C162</subfield>
    <subfield code="p">RUA035452</subfield>
    <subfield code="r">2016-08-02</subfield>
    <subfield code="y">KB</subfield>
  </datafield>
  <datafield tag="952" ind1=" " ind2=" ">
    <subfield code="0">0</subfield>
    <subfield code="1">0</subfield>
    <subfield code="4">0</subfield>
    <subfield code="6">580_000000000000000_&#x1783;&#x17BD;&#x1793;_2012_C162</subfield>
    <subfield code="7">0</subfield>
    <subfield code="9">48496</subfield>
    <subfield code="a">LBC</subfield>
    <subfield code="b">LBC</subfield>
    <subfield code="c">B162</subfield>
    <subfield code="d">2016-08-02</subfield>
    <subfield code="o">580 &#x1783;&#x17BD;&#x1793; 2012 C162</subfield>
    <subfield code="p">RUA035595</subfield>
    <subfield code="r">2016-08-02</subfield>
    <subfield code="y">KB</subfield>
  </datafield>
  <datafield tag="952" ind1=" " ind2=" ">
    <subfield code="0">0</subfield>
    <subfield code="1">0</subfield>
    <subfield code="4">0</subfield>
    <subfield code="6">580_000000000000000_&#x1783;&#x17BD;&#x1793;_2012_C162</subfield>
    <subfield code="7">0</subfield>
    <subfield code="9">48502</subfield>
    <subfield code="a">LBC</subfield>
    <subfield code="b">LBC</subfield>
    <subfield code="c">B162</subfield>
    <subfield code="d">2016-08-02</subfield>
    <subfield code="o">580 &#x1783;&#x17BD;&#x1793; 2012 C162</subfield>
    <subfield code="p">RUA035590</subfield>
    <subfield code="r">2016-08-02</subfield>
    <subfield code="y">KB</subfield>
  </datafield>
  <datafield tag="952" ind1=" " ind2=" ">
    <subfield code="0">0</subfield>
    <subfield code="1">0</subfield>
    <subfield code="4">0</subfield>
    <subfield code="6">580_000000000000000_&#x1783;&#x17BD;&#x1793;_2012_C162</subfield>
    <subfield code="7">0</subfield>
    <subfield code="9">48504</subfield>
    <subfield code="a">LBC</subfield>
    <subfield code="b">LBC</subfield>
    <subfield code="c">B162</subfield>
    <subfield code="d">2016-08-02</subfield>
    <subfield code="o">580 &#x1783;&#x17BD;&#x1793; 2012 C162</subfield>
    <subfield code="p">RUA035497</subfield>
    <subfield code="r">2016-08-02</subfield>
    <subfield code="y">KB</subfield>
  </datafield>
  <datafield tag="952" ind1=" " ind2=" ">
    <subfield code="0">0</subfield>
    <subfield code="1">0</subfield>
    <subfield code="4">0</subfield>
    <subfield code="6">580_000000000000000_&#x1783;&#x17BD;&#x1793;_2012_C169</subfield>
    <subfield code="7">0</subfield>
    <subfield code="9">48505</subfield>
    <subfield code="a">LBC</subfield>
    <subfield code="b">LBC</subfield>
    <subfield code="c">B162</subfield>
    <subfield code="d">2016-08-02</subfield>
    <subfield code="o">580 &#x1783;&#x17BD;&#x1793; 2012 C169</subfield>
    <subfield code="p">RUA035659</subfield>
    <subfield code="r">2016-08-02</subfield>
    <subfield code="y">KB</subfield>
  </datafield>
  <datafield tag="952" ind1=" " ind2=" ">
    <subfield code="0">0</subfield>
    <subfield code="1">0</subfield>
    <subfield code="4">0</subfield>
    <subfield code="6">580_000000000000000_&#x1783;&#x17BD;&#x1793;_2012_C162</subfield>
    <subfield code="7">0</subfield>
    <subfield code="9">48508</subfield>
    <subfield code="a">LBC</subfield>
    <subfield code="b">LBC</subfield>
    <subfield code="c">B162</subfield>
    <subfield code="d">2016-08-02</subfield>
    <subfield code="l">1</subfield>
    <subfield code="o">580 &#x1783;&#x17BD;&#x1793; 2012 C162</subfield>
    <subfield code="p">RUA035624</subfield>
    <subfield code="r">2024-07-10</subfield>
    <subfield code="s">2024-07-04</subfield>
    <subfield code="y">KB</subfield>
  </datafield>
  <datafield tag="952" ind1=" " ind2=" ">
    <subfield code="0">0</subfield>
    <subfield code="1">0</subfield>
    <subfield code="4">0</subfield>
    <subfield code="6">580_000000000000000_&#x1783;&#x17BD;&#x1793;_2012_C162</subfield>
    <subfield code="7">0</subfield>
    <subfield code="9">48509</subfield>
    <subfield code="a">LBC</subfield>
    <subfield code="b">LBC</subfield>
    <subfield code="c">B162</subfield>
    <subfield code="d">2016-08-02</subfield>
    <subfield code="o">580 &#x1783;&#x17BD;&#x1793; 2012 C162</subfield>
    <subfield code="p">RUA035598</subfield>
    <subfield code="r">2016-08-02</subfield>
    <subfield code="y">KB</subfield>
  </datafield>
  <datafield tag="952" ind1=" " ind2=" ">
    <subfield code="0">0</subfield>
    <subfield code="1">0</subfield>
    <subfield code="4">0</subfield>
    <subfield code="6">580_000000000000000_&#x1783;&#x17BD;&#x1793;_2012</subfield>
    <subfield code="7">0</subfield>
    <subfield code="9">48510</subfield>
    <subfield code="a">LBC</subfield>
    <subfield code="b">LBC</subfield>
    <subfield code="d">2016-08-02</subfield>
    <subfield code="o">580 &#x1783;&#x17BD;&#x1793; 2012</subfield>
    <subfield code="p">RUA035538</subfield>
    <subfield code="r">2016-08-02</subfield>
    <subfield code="w">2016-08-02</subfield>
    <subfield code="y">KB</subfield>
  </datafield>
</record>
